Statistics for Snoopy's Christmas Lyrics

Click here to take the quiz!

General Stats

  • This quiz has been taken 11 times
  • The average score is 143 of 260

Answer Stats

Answer% Correct
Christmas
100%
in
91%
The
91%
the
91%
it
82%
a
73%
they
73%
When
73%
World
73%
world
73%
all
64%
and
64%
before
64%
bells
64%
night
64%
of
64%
ring
64%
snoopy
64%
Snoopy
64%
Was
64%
was
64%
Baron
55%
bellow
55%
below?
55%
bloody
55%
First
55%
He
55%
he
55%
his
55%
host
55%
men
55%
on
55%
Red
55%
ringing
55%
saluted
55%
then
55%
to
55%
War
55%
40
45%
Bringing
45%
do
45%
fly
45%
flying
45%
foe
45%
for
45%
from
45%
good
45%
had
45%
hero
45%
holiday
45%
land
45%
man
45%
Merry
45%
more
45%
news
45%
once
45%
our
45%
out
45%
peace
45%
search
45%
those
45%
through
45%
toast
45%
went
45%
will
45%
With
45%
with
45%
again
36%
allied
36%
called
36%
come
36%
command
36%
dead
36%
Each
36%
end
36%
friend
36%
ice
36%
know
36%
sights
36%
their
36%
this
36%
village
36%
wings
36%
both
27%
caught
27%
cried
27%
day
27%
fought
27%
its
27%
knew
27%
knowing
27%
meet
27%
mein
27%
never
27%
offered
27%
or
27%
other
27%
roar
27%
some
27%
spied
27%
that
27%
they'd
27%
up
27%
way
27%
we'll
27%
well
27%
were
27%
Why
27%
asking
18%
behind
18%
certain
18%
didnt
18%
enemy
18%
fiercely
18%
forced
18%
him
18%
ignored
18%
lines
18%
made
18%
pull
18%
reached
18%
Rhine
18%
shoot
18%
tight
18%
trigger
18%

Score Distribution

Percentile by Number Answered

Percent of People with Each Score

Your Score History

You have not taken this quiz